| 000 | 01930nam0a2200409 4500 | ||
|---|---|---|---|
| 001 | RU\NLR\bibl\876617 | ||
| 005 | 20260405085246.0 | ||
| 010 |
_a5-89516-175-8 _92030 |
||
| 021 |
_aRU _b2005-47616 _92327 |
||
| 035 | _a(nilc)RSL-KNO-002690268 | ||
| 035 | _a(NLR Aleph) 000865208 | ||
| 090 |
_a1564865 _c1564865 |
||
| 100 | _a20050725d2005 |||y0rusy50 ca | ||
| 101 | 0 | _arus | |
| 102 | _aRU | ||
| 105 | _aa ||||||||| | ||
| 106 | _ar | ||
| 200 | 1 |
_aЗолотые звезды тагильчан _fБорис Марков |
|
| 210 |
_aЕкатеринбург _cСВ-96 _d2005 |
||
| 215 |
_a303 с. _cил., цв. ил., портр., цв. ил. _d25 |
||
| 300 | _a60-летию Победы посвящается | ||
| 606 | 1 |
_aГерои Советского Союза _yНижний Тагил, город (Свердловская область) _92403086 _3RU\NLR\auth\661432315 |
|
| 606 | 1 |
_aКавалеры Ордена Славы _yНижний Тагил, город (Свердловская область) _92403092 _3RU\NLR\auth\661432318 |
|
| 610 | 0 | _aИстория. Исторические науки -- СССР -- Период Великой Отечественной войны (1941-1945) -- Персоналии героев-уроженцев отдельных местностей -- Нижний Тагил, город -- Справочник | |
| 686 |
_aТ3(2)722.782Нижний Тагил.я2 _2rubbk |
||
| 686 | _aЦ4,6(2)243д(2Р-4Св-2НТ) | ||
| 686 | _aЦ35(2)722-424д(2Р-4Мо-2Ег) | ||
| 686 | _aТ3(2)722.78 | ||
| 686 | _aТ3(2)7-314 | ||
| 700 | 1 |
_4070 _8rus _7ca _aМарков _bБ. А. _cлитератор _gБорис Александрович _3RU\NLR\auth\7731279 _914289 |
|
| 801 | 0 |
_aRU _bRuMoRKP _c20050725 _grcr |
|
| 801 | 1 |
_aRU _bRuMoRGB _c20050725 |
|
| 801 | 2 |
_aRU _bNLR _c20051122 _grcr |
|
| 830 | _aАвт. по кн. | ||
| 942 | _cBOOK | ||
| 980 | _aNB | ||